LIBRARY & INFORMATION CENTRE, KCAET, TAVANUR

ONLINE PUBLIC ACCESS CATALOGUE (OPAC)

Planning for India : Selected explorations in methodology / (Record no. 257)

MARC details
000 -LEADER
fixed length control field 00586cam a2200205ua 4500
041 ## - LANGUAGE CODE
Language code of text/sound track or separate title eng
082 ## - DEWEY DECIMAL CLASSIFICATION NUMBER
Classification number 338.9
Item number FRI/PL
100 ## - MAIN ENTRY--AUTHOR NAME
Personal name Frisch, Ragnar.
245 ## - TITLE STATEMENT
Title Planning for India : Selected explorations in methodology /
250 ## - EDITION STATEMENT
Edition statement 1 /
260 ## - PUBLICATION, DISTRIBUTION, ETC. (IMPRINT)
Place of publication Kolkota :
Name of publisher Statistical Publishing Society ,
Year of publication 1960.
300 ## - PHYSICAL DESCRIPTION
Number of Pages 86 ; .
490 0# - SERIES STATEMENT
Series statement Indian Statistical Series,
Volume number/sequential designation 8
942 ## - ADDED ENTRY ELEMENTS (KOHA)
Koha item type Books
Holdings
Withdrawn status Lost status Damaged status Home library Current library Date acquired Full call number Accession Number Koha item type
Withdrawn     KAUAET KAUAET 07/04/2012 338.9 3325 Books
free website counter